Normal view MARC view

Entry Nombre personal

Number of records used in: 48

001 - NÚMERO DE CONTROL

  • campo de control: 107684

003 - IDENTIFICADOR DE NÚMERO DE CONTROL

  • campo de control: SpMaBN

005 - FECHA Y HORA DE LA ÚLTIMA TRANSACCIÓN

  • campo de control: 20250728105424.0

008 - ELEMENTOS DE DATO DE LONGITUD-FIJA

  • campo de control de longitud fija: 901120n| aijnnaabn a aaa

016 ## - NÚMERO DE CONTROL DE UNA AGENCIA BIBLIOGRÁFICA NACIONAL

  • Número de control del registro: BNE19900209449

024 8# - IDENTIFICADOR DE OTROS ESTÁNDARES

  • Número estándar o código: https://data.cervantesvirtual.com/person/1012

024 7# - IDENTIFICADOR DE OTROS ESTÁNDARES

  • Número estándar o código: http://viaf.org/viaf/27074806/
  • Fuente: viaf

024 7# - IDENTIFICADOR DE OTROS ESTÁNDARES

  • Número estándar o código: https://isni.org/isni/0000000121000366
  • Fuente: isni

024 7# - IDENTIFICADOR DE OTROS ESTÁNDARES

  • Número estándar o código: http://www.wikidata.org/entity/Q144535
  • Fuente: wikidata

040 ## - FUENTE DE CATALOGACIÓN

  • Centro catalogador/agencia de origen: SpMaBN
  • Lengua de catalogación: spa
  • Centro/agencia transcriptor: SpMaBN
  • Normas de descripción: rdc
  • Convención/Normas de encabezamiento de materia/tesauro: embne

046 ## - FECHAS CON CODIFICACIÓN ESPECIAL

  • Fecha de nacimiento: 1820
  • Fecha de la muerte: 1903

100 1# - ENCABEZAMIENTO-NOMBRE DE PERSONA

  • Nombre de persona: Spencer, Herbert,
  • Fechas asociadas al nombre: 1820-1903

370 ## - LUGAR ASOCIADO

  • Lugar de nacimiento: Derby
  • Fuente de información: Wikidata

373 ## - GRUPO ASOCIADO

  • Grupo asociado: Academia de las ciencias de Turín
  • Grupo asociado: Librepensador
  • Fuente de información: Wikidata

374 ## - OCUPACIÓN

  • Ocupación: Botánicos
  • Ocupación: Escritores
  • Ocupación: Sociólogos
  • Ocupación: Periodistas
  • Ocupación: Psicólogos
  • Ocupación: Antropólogos
  • Ocupación: Economistas
  • Ocupación: Filósofos
  • Fuente de información: Wikidata

375 ## - GÉNERO/SEXO

  • Género: Masculino
  • Fuente de información: Wikidata

377 ## - IDIOMA ASOCIADO

  • Término de lengua/lenguaje: Inglés

400 1# - TRAZADO DE VÉASE--NOMBRE DE PERSONA

  • Nombre de persona: Spencer, Heriberto,
  • Fechas asociadas al nombre: 1820-1903

670 ## - FUENTE DE DATOS ENCONTRADOS

  • Cita de la fuente: El individuo contra el Estado, 1999
  • Información encontrada: port. (Herbert Spencer) p. 1 de la cub. (H. Spencer)

670 ## - FUENTE DE DATOS ENCONTRADOS

  • Cita de la fuente: La ciencia social, 1938
  • Información encontrada: port. (Heriberto Spencer)

670 ## - FUENTE DE DATOS ENCONTRADOS

  • Cita de la fuente: WWW LC cat., 29-5-2000
  • Información encontrada: (Spencer, Herbert, 1820-1903))

670 ## - FUENTE DE DATOS ENCONTRADOS

  • Cita de la fuente: Dic. enc. Espasa
  • Información encontrada: (Spencer, Herbert; n. 1820, Derby, m. 1903, Brighton; filósofo inglés)